| 000 | 00452nam a22001817a 4500 | ||
|---|---|---|---|
| 003 | NUST - PNEC | ||
| 005 | 20170116181106.0 | ||
| 008 | 151003b xxu||||| |||| 00| 0 eng d | ||
| 020 | _a9780340185063 | ||
| 020 | _a0340185066 | ||
| 040 | _cLIBRARY | ||
| 082 | _a669 HIG | ||
| 100 |
_912637 _aHiggins, Raymond A. |
||
| 245 |
_aEngineering metallurgy _cRaymond A. Higgin, |
||
| 260 | _cc1974. | ||
| 650 |
_912640 _aMetallurgy _xME |
||
| 942 |
_2ddc _cBK |
||
| 999 |
_c68931 _d68931 |
||